000 00624nam a2200253Ia 4500
003 OSt
005 20221007110640.0
006 a|||||r|||| 00| 0
007 ta
008 221006b |||||||| |||| 00| 0 eng d
024 _a21,547
037 _cTextual
040 _aLCO
_cLCO
_beng
041 _2eng
_aeng
082 _aV2:2, P8
100 _aKhanna H.R
245 0 _aMaking of India's Constitution
250 _a2nd
260 _aLucknow
_bEastern Book Company India
_c2008
300 _a539
650 _aCONSTITUTION
942 _hV2:2, P8
_cTEXL
999 _c1191110
_d1191110